000 00660nam a2200181 a 4500
005 20140412111421.0
008 080105s19uu xx 00 eng d
020 _a0-439-70745-5
050 _aM 808
_bL51 2004
100 _aLeedy, Loreen
245 _aLook at my book :
_bHow kids can write & illustrate terrific books /
_cWritten and illustrated by Loreen Leedy.
260 _aNew York :
_bScholastic Inc,
_cc2004.
300 _a32p.
520 _aProvides ideas and simple directions for writing, illustrating, designing, and binding books.
650 _aAuthorship
_xJuvenile literature
650 _aBook Design
_xJuvenile literature
999 _c106015
_d106015